000 00867cam a22002533a 4500
001 28612
003 PGUSA
005 20140828083622.0
008 090426s2009||||xxu|||||s|||||000 | eng d
040 _aPGUSA
_beng
042 _adc
050 4 _aSF
100 1 _aRarey, J. S.
_q(John Solomon),
_d1827-1866
245 1 2 _aA New Illustrated Edition of J. S. Rarey's Art of Taming Horses :
_bWith the Substance of the Lectures at the Round House, and Additional Chapters on Horsemanship and Hunting, for the Young and Timid
_h[electronic resource] /
_cJ. S. Rarey
260 _bProject Gutenberg,
_c2009
506 _aPublic domain in the USA.
516 _aElectronic text
653 _aHorsemanship
653 _aHunting
653 _aHorses -- Training
830 0 _aProject Gutenberg
_v28612
856 4 0 _uhttp://www.gutenberg.org/ebooks/28612
942 _cEB
999 _c257867
_d257867